000 00957nam a2200277Ia 4500
003 OSt
005 20220930080226.0
006 a|||||r|||| 00| 0
007 ta
008 220926b |||||||| |||| 00| 0 eng d
024 _a85985
037 _cTheses
040 _aCRL
_cCRL
_beng
041 _2eng
_aeng
100 _aNeetu Kumari
_9538346
110 _aUniversity of Delhi. Faculty of Medical Sciences. Department of Paediatrics
245 0 _aEtiology of acute lower respiratory tract infection in hospitalized children between 2 months to 5 years
260 _c2006
650 _aCHILDREN - DISEASES
700 _a Dr. B. Rath Gu.
_9538347
700 _a Dr. S. Aneja Gu.
_9532671
700 _a Dr. Shashi Khare Gu.
_9536858
700 _aUniversity of Delhi. Faculty of Medical Sciences. Department of Paediatrics
942 _cDIS
_2CC
999 _c869481
_d869481